000 00582nam a22002177a 4500
003 UA-OsUOA
001 9342
007 ta
008 20041103b un ||||| |||| 00| 0 ukr d
100 _aБондаренко Іван
700 _aТакао Хіно
942 _cSA
040 _aUA-OsUOA
_bukr
_cUA-OsUOA
_dUA-OsUOA
245 _aТретя зустріч Шевченка з японцями
300 _aС.41-43
955 _a0
041 _aukr
044 _aUA
773 0 _w0
_tВсесвіт
_dК.
_d2004
_gN9-10
650 7 _aЛітературознавство
_2UDC
999 _c295503
_d295503